| 000 | 00464 a2200145 4500 | ||
|---|---|---|---|
| 999 |
_c5911 _d5911 |
||
| 020 | _a0435631195 | ||
| 050 | _aQD5BUR 2000 | ||
| 100 |
_aBurton George _eauthor |
||
| 245 |
_aSalters Advanced Chemistry : _bchemical storylines / _cGeorge Burton,John Holman,John Lozonby, Gwen Pilling and David Waddington |
||
| 264 |
_aOxford _bHeinemann _c2000 |
||
| 300 |
_a312p. : _bill. (col.) |
||
| 500 | _aIncludes index | ||
| 650 | _aChemistry | ||
| 942 |
_2lcc _cBK _e2nd _h5 _iBUR _kQD |
||